| 000 | 00569nam a2200193Ia 4500 | ||
|---|---|---|---|
| 005 | 20230404132954.0 | ||
| 008 | 131103s9999 xx 000 0 und d | ||
| 040 | _aLoreto College | ||
| 041 | _aEnglish | ||
| 082 |
_a823.7 _bAUS-WRI |
||
| 100 | _aWright,Audrew H. | ||
| 245 |
_aJane Austen's novels _b a study in structure _cAndrew H.Wright |
||
| 260 |
_aHarmoundsworth _bPenguin Books _c1953 |
||
| 300 | _a206 p. | ||
| 504 | _aIncludes bibliographical references and index | ||
| 650 | _aAusten,Jane-Criticism and interpretation | ||
| 850 | _aLCLIB | ||
| 942 | _cBK | ||
| 999 |
_c5346 _d55825 |
||